Renewable energy policy and politics : (Record no. 356100)

000 -LEADER
fixed length control field 01839cam a22003854a 4500
001 - CONTROL NUMBER
control field 14116640
003 - CONTROL NUMBER IDENTIFIER
control field Nust- CAS-E
005 - DATE AND TIME OF LATEST TRANSACTION
control field 20180118181424.0
008 - FIXED-LENGTH DATA ELEMENTS--GENERAL INFORMATION
fixed length control field 050922s2006 enkab b 001 0 eng
010 ## - LIBRARY OF CONGRESS CONTROL NUMBER
LC control number 2005027704
015 ## - NATIONAL BIBLIOGRAPHY NUMBER
National bibliography number GBA467274
Source bnb
016 7# - NATIONAL BIBLIOGRAPHIC AGENCY CONTROL NUMBER
Record control number 012992206
Source Uk
020 ## - INTERNATIONAL STANDARD BOOK NUMBER
International Standard Book Number 184407126X
020 ## - INTERNATIONAL STANDARD BOOK NUMBER
International Standard Book Number 9781844071265
035 ## - SYSTEM CONTROL NUMBER
System control number (OCoLC)ocm61724417
040 ## - CATALOGING SOURCE
Original cataloging agency DLC
Transcribing agency DLC
Modifying agency YDX
-- BAKER
-- UKM
-- IXA
-- DLC
042 ## - AUTHENTICATION CODE
Authentication code pcc
050 00 - LIBRARY OF CONGRESS CALL NUMBER
Classification number HD9502.A2
Item number R446 2006
082 00 - DEWEY DECIMAL CLASSIFICATION NUMBER
Classification number 333.794
Edition number 22
Author Mark Rf REN 2006
245 00 - TITLE STATEMENT
Title Renewable energy policy and politics :
Remainder of title a handbook for decision-making /
Statement of responsibility, etc. edited by Karl Mallon.
260 ## - PUBLICATION, DISTRIBUTION, ETC.
Place of publication, distribution, etc. London ;
-- Sterling, VA :
Name of publisher, distributor, etc. Earthscan,
Date of publication, distribution, etc. 2006.
300 ## - PHYSICAL DESCRIPTION
Extent xx, 268 p. :
Other physical details ill., 1 map ;
Dimensions 24 cm.
504 ## - BIBLIOGRAPHY, ETC. NOTE
Bibliography, etc. note Includes bibliographical references and index.
505 0# - FORMATTED CONTENTS NOTE
Formatted contents note Myths, pitfalls, and oversights -- Ten features of sucessful renewable markets -- An A to Z of stakeholders -- The politics of achieving legislation -- A harsh environment -- Renewable policy lessons from the US -- Development of renewable energy in India -- Spanish renewable energy -- A history of support for solar voltaics in Germany -- Sustainable energy policy reform in Cambodia.
650 #0 - SUBJECT ADDED ENTRY--TOPICAL TERM
Topical term or geographic name entry element Energy policy.
650 #0 - SUBJECT ADDED ENTRY--TOPICAL TERM
Topical term or geographic name entry element Renewable energy sources.
650 #0 - SUBJECT ADDED ENTRY--TOPICAL TERM
Topical term or geographic name entry element Energy development
General subdivision Environmental aspects.
650 #0 - SUBJECT ADDED ENTRY--TOPICAL TERM
Topical term or geographic name entry element Sustainable development.
700 1# - ADDED ENTRY--PERSONAL NAME
Personal name Mallon, Karl.
856 41 - ELECTRONIC LOCATION AND ACCESS
Materials specified Table of contents
Uniform Resource Identifier <a href="http://www.loc.gov/catdir/toc/ecip0519/2005027704.html">http://www.loc.gov/catdir/toc/ecip0519/2005027704.html</a>
856 42 - ELECTRONIC LOCATION AND ACCESS
Materials specified Contributor biographical information
Uniform Resource Identifier <a href="http://www.loc.gov/catdir/enhancements/fy1111/2005027704-b.html">http://www.loc.gov/catdir/enhancements/fy1111/2005027704-b.html</a>
906 ## - LOCAL DATA ELEMENT F, LDF (RLIN)
a 7
b cbc
c orignew
d 1
e ecip
f 20
g y-gencatlg
942 ## - ADDED ENTRY ELEMENTS (KOHA)
Source of classification or shelving scheme
Koha item type Book
Holdings
Withdrawn status Lost status Source of classification or shelving scheme Damaged status Not for loan Permanent Location Current Location Date acquired Total Checkouts Full call number Barcode Date last seen Date last checked out Price effective from Koha item type
          US-Pakistan Center for Advanced Studies in Energy (USPCAS-E) US-Pakistan Center for Advanced Studies in Energy (USPCAS-E) 08/31/2016 1 333.794 Rf REN 2006 CAS-E0000125 09/29/2016 08/31/2016 08/31/2016 Book
© 2023 Central Library, National University of Sciences and Technology. All Rights Reserved.